000 01097nam0a2200289 4500
001 RU\NLR\bibl\46011
005 20260408172502.0
010 _a5-10-003558-7
_95000
021 _aRU
_b98-48958
_92360
035 _a(NLR Aleph) 000044869
090 _a237125
_c237125
100 _a19990906d1998 |||y0rusy50 ca
101 0 _arus
102 _aRU
105 _aa |||||||||
200 1 _aТеннис для всех
_eУчеб. пособие для студентов вузов по специальности N 022300
_fЗайцева Л.С.
210 _aМ.
_cКолос
_d1998
215 _a129 с.
_cил.
_d20
606 _aТеннис
_jМетодические пособия
_3RU\NLR\auth\66697039
_91586908
686 _aЧ515.77
700 1 _4070
_8rus
_7ca
_aЗайцева
_bЛ. С.
_cд-р пед. наук, теннис
_f1946-
_gЛюбовь Степановна
_3RU\NLR\auth\7732819
_915827
801 0 _aRU
_bNLR
_c19990906
_gPSBO
801 1 _aRU
_bNLR
_c19990906
852 _aNLR
_j99-3/10017
942 _cBOOK
980 _aNB